Concurso Bicentenario: Tesis Doctoral 2007

Сохранить в:
Библиографические подробности
Формат:
Язык:испанский
Опубликовано: Santiago Publicaciones Comisión Bicentenario 2009
Предметы:
Метки: Добавить метку
Нет меток, Требуется 1-ая метка записи!

MARC

LEADER 00000nam a2200000 a 4500
001 UCG0300
003 CL-VaPUC
008 100318e20090000CL |||||||||||||||||spa|d
020 |a 9789567892174o.c 
082 0 4 |a 808.066378  |b CON  |2 21 
245 1 0 |a Concurso Bicentenario: Tesis Doctoral 2007 
300 |a 2 v 
942 |c BK 
945 |d 20100318 00:00:00  |a rbrito 
260 |a Santiago  |b Publicaciones Comisión Bicentenario  |c 2009 
500 |a v.1: 1.- Regulación de receptores de glicina por sistemas de transducción de señales acoplados a proteínas G. Papel de las proteínas G en la potenciación del receptor de glicina por etanol. Por: Gonzalo Enrique Yévenes Crisóstomo. 2.- La figuración del negro en la literatura colonial chilena. María Antonia Palacios, esclava y músico: la traza de un rostro borrado por-para la literatura chilena. Por: Paulina Barrenechea Vergara 
500 |a v.2: 1.- Procesos geológicos relacionados con la formación de sulfuros de Cu primarios de los yacimientos estratoligados de Cu: el caso del Yacimiento Lince-Estefanía, Distrito Michilla, Segunda Región de Antofagasta, Chile. Por: Dania Tristá Aguilera. 2.- La letra ¿con sangre entra? Percepciones, normativas y prácticas de disciplinas, castigos y violencias en el liceo chileno, c.1842-c.1912. Por: Pablo Andrés Toro Blanco 
650 0 |a Tesis doctorales  |9 358126 
650 7 |a ETANOL  |2 CL-VaPUC  |9 356893 
650 7 |a PROTEINAS  |2 CL-VaPUC  |9 547686 
650 0 |a Literatura chilena   |9 308278 
650 0 |a Crítica literaria   |9 269189 
650 0 |a Violencia escolar  |9 453211 
650 7 |a SULFUROS  |2 CL-VaPUC  |9 326731 
650 0 |a Geología   |9 260984 
583 |a last modification  |c 20121214 09:43:20  |k Rodrigo Vera 
999 |c 339985  |d 339983 
952 |0 0  |1 0  |4 0  |6 808_066378000000000_CON_2009  |7 0  |8 A  |9 434278  |a BIBEDU  |b BIBEDU  |d 2019-11-22  |h v.1  |i 465305K  |o 808.066378 CON 2009  |p 465305K  |r 2019-11-22  |w 2019-11-22  |y BK  |k BME 
952 |0 0  |1 0  |4 0  |6 808_066378000000000_CON_2009  |7 0  |8 A  |9 434279  |a BIBEDU  |b BIBEDU  |d 2019-11-22  |h v.1  |i 4653068  |o 808.066378 CON 2009  |p 4653068  |r 2019-11-22  |w 2019-11-22  |y BK  |k BME 
952 |0 0  |1 0  |4 0  |6 808_066378000000000_CON_2009  |7 0  |8 A  |9 434280  |a BIBEDU  |b BIBEDU  |d 2019-11-22  |h v.2  |i 4653076  |o 808.066378 CON 2009  |p 4653076  |r 2019-11-22  |w 2019-11-22  |y BK  |k BME 
952 |0 0  |1 0  |4 0  |6 808_066378000000000_CON_2009  |7 0  |8 A  |9 434281  |a BIBEDU  |b BIBEDU  |d 2019-11-22  |h v.2  |i 4653084  |o 808.066378 CON 2009  |p 4653084  |r 2019-11-22  |w 2019-11-22  |y BK  |k BME 
952 |0 0  |1 0  |4 0  |6 808_066378000000000_CON_2009  |7 0  |8 A  |9 434282  |a BIBCUR  |b BIBCUR  |d 2019-11-22  |h v.1  |i 4649990  |o 808.066378 CON 2009  |p 4649990  |r 2025-04-22  |w 2019-11-22  |y BK  |k BCB 
952 |0 0  |1 0  |4 0  |6 808_066378000000000_CON_2009  |7 0  |8 A  |9 434283  |a BIBCUR  |b BIBCUR  |d 2019-11-22  |h v.2  |i 465000K  |o 808.066378 CON 2009  |p 465000K  |r 2025-04-22  |w 2019-11-22  |y BK  |k BCB 
952 |0 0  |1 0  |4 0  |6 808_066378000000000_CON_2009  |7 0  |8 A  |9 434284  |a BIBHIS  |b BIBHIS  |d 2019-11-22  |h v.1  |i 4664906  |o 808.066378 CON 2009  |p 4664906  |r 2025-01-20  |w 2019-11-22  |y BK  |k HIS 
952 |0 0  |1 0  |4 0  |6 808_066378000000000_CON_2009  |7 0  |8 A  |9 434285  |a BIBCUR  |b BIBCUR  |d 2019-11-22  |h v.1  |i 4666933  |o 808.066378 CON 2009  |p 4666933  |r 2025-04-22  |w 2019-11-22  |y BK  |k PER 
952 |0 0  |1 0  |4 0  |6 808_066378000000000_CON_2009  |7 0  |8 A  |9 434286  |a BIBHIS  |b BIBHIS  |d 2019-11-22  |h v.2  |i 4664914  |o 808.066378 CON 2009  |p 4664914  |r 2025-01-20  |w 2019-11-22  |y BK  |k HIS 
952 |0 0  |1 0  |4 0  |6 808_066378000000000_CON_2009  |7 0  |8 A  |9 434287  |a BIBCUR  |b BIBCUR  |d 2019-11-22  |h v.2  |i 4666941  |o 808.066378 CON 2009  |p 4666941  |r 2025-04-22  |w 2019-11-22  |y BK  |k PER